Modern construction management / (Record no. 2291)

000 -LEADER
fixed length control field 00386 a2200121 4500
020 ## - INTERNATIONAL STANDARD BOOK NUMBER
International Standard Book Number 0632055138
082 ## - DEWEY DECIMAL CLASSIFICATION NUMBER
Classification number 624.068 HAR
100 ## - MAIN ENTRY--PERSONAL NAME
Personal name Harris, Frank,
245 ## - TITLE STATEMENT
Title Modern construction management /
Statement of responsibility, etc. Frank Harris and Ronald McCaffer.
250 ## - EDITION STATEMENT
Edition statement 5th ed.
260 ## - PUBLICATION, DISTRIBUTION, ETC.
Place of publication, distribution, etc. Oxford, UK ;
-- Malden, MA :
Name of publisher, distributor, etc. Blackwell Science,
Date of publication, distribution, etc. c2001
300 ## - PHYSICAL DESCRIPTION
Extent ix, 588 p. :
Other physical details ill. ;
Dimensions 25 cm.
650 ## - SUBJECT ADDED ENTRY--TOPICAL TERM
Topical term or geographic name entry element Construction industry
General subdivision Management.
Holdings
Withdrawn status Lost status Damaged status Not for loan Permanent Location Current Location Shelving location Date acquired Total Checkouts Full call number Barcode Date last seen Price effective from Koha item type Source of classification or shelving scheme
        Central Library (CL) Central Library (CL)   01/05/2017   624.068 HAR NIT-1006 09/02/2025 01/05/2017 Book  
        School of Civil and Environmental Engineering (SCEE) School of Civil and Environmental Engineering (SCEE)       624.068 HAR NIT-1005 03/30/2022 01/05/2017 Book  
© 2023 Central Library, National University of Sciences and Technology. All Rights Reserved.